FAO plant production and protection paper N.123 Rodent pest management in Eastern Africa

সংরক্ষণ করুন:
গ্রন্থ-পঞ্জীর বিবরন
প্রধান লেখক: Lynwood A Fiedler
বিন্যাস: গ্রন্থ
ভাষা:Undetermined
প্রকাশিত: Rome FAO 1994
বিষয়গুলি:
ট্যাগগুলো: ট্যাগ যুক্ত করুন
কোনো ট্যাগ নেই, প্রথমজন হিসাবে ট্যাগ করুন!
Thư viện lưu trữ: Trung tâm Học liệu Trường Đại học Cần Thơ
LEADER 00592nam a2200193Ia 4500
001 CTU_3912
008 210402s9999 xx 000 0 und d
082 |a 632 
082 |b F218/N.123 
100 |a Lynwood A Fiedler 
245 0 |a FAO plant production and protection paper N.123 
245 0 |b Rodent pest management in Eastern Africa 
245 0 |c Lynwood A Fiedler 
260 |a Rome 
260 |b FAO 
260 |c 1994 
650 |a plants, protection of,rodentia,rodenticides 
904 |i Nguyễn Quang Điền, 960530 
980 |a Trung tâm Học liệu Trường Đại học Cần Thơ